| 000 | 01336cam a22003737a 4500 | ||
|---|---|---|---|
| 003 | CHAP | ||
| 005 | 20220329142429.0 | ||
| 008 | 010123d2000 mx a r 00110 spa d | ||
| 010 | _a83330 | ||
| 011 | _a84302 | ||
| 020 | _a9687579811 | ||
| 035 | _a94822 | ||
| 040 | _cCHAP | ||
| 082 | 0 | 4 |
_a305.563 _bA7 |
| 100 | 0 | 0 |
_aArtís, Gloria _ecoord. _97777 |
| 245 | 1 | 0 |
_a!...y ando yo también en el campo! : _bpresencia de la mujer en el agro mexicano _c/coord. por Gloria Artís, Julieta Salazar y Laura Muñoz |
| 260 |
_aMéxico, D. F. : _bProcuraduria Agraria, _c2000. |
||
| 300 |
_a125 p. : _bilus. ; gráfs. |
||
| 590 |
_aBATCH-UPD _b10 _c20130110 _lUCH01 _h0446 |
||
| 590 |
_aBATCH-UPD _b10 _c20130110 _lUCH01 _h2359 |
||
| 590 |
_aBATCH-UPD _b10 _c20130410 _lUCH01 _h0123 |
||
| 590 |
_aBATCH-UPD _b10 _c20130410 _lUCH01 _h1645 |
||
| 590 |
_aBATCH-UPD _b10 _c20130914 _lUCH01 _h1142 |
||
| 590 |
_aCONVERSION _b10 _c20130109 _lUCH01 _h1346 |
||
| 650 | 1 | 4 |
_aDerecho agrario. _931866 |
| 650 | 1 | 4 |
_aMujer en agricultura. _979359 |
| 700 | 0 |
_aMuñoz, Laura _ecoord. _979709 |
|
| 700 | 0 |
_aSalazar, Julieta _ecoord. _9101481 |
|
| 901 | _aBK | ||
| 905 | _aLilia Sánchez G. | ||
| 942 | _cLIBRO | ||
| 949 |
_a305.563 A7 _bBC _cLIBRO _d33724000808804 _eLIBRO _fc.2 _h99444 _i94822 _sb |
||
| 949 |
_a305.563 A7 _bBC _cLIBRO _d33724000808861 _eLIBRO _h99436 _i94822 _si |
||
| 999 |
_c83330 _d83330 |
||